00684cam a22002171 450000100060000000300080000600500170001400800390003103500190007003500180008904000390010704100080014608200200015410000360017424500670021026000480027730000440032550000210036950400400039060000360043023567BD-RjUL20211209000939.0140311s1936 nyu 001 0beng a(BD-RjUL)23632 a(OCoLC)358695 aDLCcODaWUdTNJdDLCdBD-RjULbeng aeng00a928.2bEAT 19361 aEaton, Horace Ainsworth,d1871-10aThomas De Quincey :ba biography /cby Horace Ainsworth Eaton. aNew York :bOxford university press,c1936. axiii p., 1 l., 542 p. :bill. ;c23 cm. a"First edition." aBibliography: p. 525-529 and index.10aDe Quincey, Thomas,d1785-1859.